ESSENTAIL OF RADIO ELECTRONICS (Record no. 568496)

000 -LEADER
fixed length control field 00299nam a22001217a 4500
082 ## - DEWEY DECIMAL CLASSIFICATION NUMBER
Classification number 621.384 SLU'E
100 ## - MAIN ENTRY--PERSONAL NAME
Personal name OSTERHELD, WILLIAM ,SLURZBERG, MORRIS
9 (RLIN) 57515
245 ## - TITLE STATEMENT
Title ESSENTAIL OF RADIO ELECTRONICS
250 ## - EDITION STATEMENT
Edition statement 2ND
260 ## - PUBLICATION, DISTRIBUTION, ETC.
Place of publication, distribution, etc. NEWYORK
Name of publisher, distributor, etc. MCGRAW HILL
Date of publication, distribution, etc. 1961
300 ## - PHYSICAL DESCRIPTION
Extent 716P
942 ## - ADDED ENTRY ELEMENTS (KOHA)
Koha item type Book
Holdings
Withdrawn status Lost status Damaged status Not for loan Permanent Location Current Location Shelving location Date acquired Total Checkouts Full call number Barcode Date last seen Price effective from Koha item type
        College of Electrical & Mechanical Engineering (CEME) College of Electrical & Mechanical Engineering (CEME) General Stacks 07/17/2017   621.384 SLU'E CEME-2507 06/28/2021 06/28/2021 Book
© 2023 Central Library, National University of Sciences and Technology. All Rights Reserved.